000
00289nam a2200109Ia 4500
008
230907s9999||||xx |||||||||||||| ||und||
082
_a
660.2842
_b
MCC
245
0
_a
Unit operations of chemical engineering /
260
_a
McGraw-Hill,
_b
New Delhi :
_c
2016
300
_a
1140 p.
942
_c
BK
999
_c
601576
_d
601576